| 000 | 00665nam a2200217 4500 | ||
|---|---|---|---|
| 001 | 133057 | ||
| 003 | ES-MaACL | ||
| 005 | 20230906194321.0 | ||
| 007 | t| | ||
| 008 | 070214s1984 sp r ||||1| spa d | ||
| 020 | _a84-252-1176-X | ||
| 100 | 1 |
_aRossi, Aldo. _999859 |
|
| 245 | 1 | 0 |
_aAutobiografía científica / _cAldo Rossi ; versión castellana de Juan José Lahuerta. |
| 260 |
_aBarcelona : _bGustavo Gili, _c1984. |
||
| 300 |
_a127 p. : _bil. ; _c25 cm. |
||
| 490 | 1 | _aArquitectura contextos | |
| 700 | 1 |
_aLahuerta, Juan José. _969660 |
|
| 830 | 0 |
_aArquitectura contextos _9186922 |
|
| 852 |
_aES-MaACL _jL-11386 _bR.112769 |
||
| 999 |
_c133057 _d133057 |
||